Business plans to game plans : a practical system for turning strategies into action /

Bibliographic Details
Main Author: King, Jan B.
Corporate Author: NetLibrary, Inc
Format: eBook
Language:English
Published: Hoboken, NJ : Wiley, [2004]
Edition:Rev. ed.
Subjects:
Online Access:Connect to the full text of this electronic book

MARC

Tag First Indicator Second Indicator Subfields
LEADER 00000cam a2200000Ia 4500
001 in00002000003
005 20220105141701.0
006 m d
007 cr cnu---unuuu
008 040316s2004 nju sb 001 0 eng d
020 |a 047168192X (electronic bk.) 
035 |a (OCoLC)ocm54712934 
040 |a N$T  |c N$T  |d UtOrBLW 
049 |a IKMN 
050 1 4 |a HD62.7  |b .K56 2004eb 
082 0 4 |a 658.022  |2 22 
100 1 |a King, Jan B.  |0 http://id.loc.gov/authorities/names/no95046832 
245 1 0 |a Business plans to game plans :  |b a practical system for turning strategies into action /  |c Jan B. King. 
250 |a Rev. ed. 
264 1 |a Hoboken, NJ :  |b Wiley,  |c [2004] 
264 4 |c ©2004 
300 |a x, 278 pages 
336 |a text  |b txt  |2 rdacontent 
337 |a computer  |b c  |2 rdamedia 
338 |a online resource  |b cr  |2 rdacarrier 
504 |a Includes bibliographical references and index. 
533 |a Electronic reproduction.  |b Boulder, Colo. :  |c NetLibrary,  |d 2004.  |n Available via World Wide Web.  |n Access may be limited to NetLibrary affiliated libraries. 
500 |a Electronic resource. 
650 0 |a Small business  |x Management.  |0 http://id.loc.gov/authorities/subjects/sh85123576 
650 0 |a Small business  |x Growth.  |0 http://id.loc.gov/authorities/subjects/sh88004803 
650 0 |a Business planning.  |0 http://id.loc.gov/authorities/subjects/sh85032906 
650 0 |a Strategic planning.  |0 http://id.loc.gov/authorities/subjects/sh85128511 
655 7 |a Electronic books.  |2 local 
710 2 |a NetLibrary, Inc.  |0 http://id.loc.gov/authorities/names/no99080690 
776 1 |c Original  |z 0471466166  |w (OCoLC)53156169 
856 4 1 |u https://proxy.library.tamu.edu/login?url=http://www.netLibrary.com/urlapi.asp?action=summary&v=1&bookid=104992  |z Connect to the full text of this electronic book  |t 0 
994 |a 92  |b IKM 
999 |a MARS 
999 f f |s 66df4915-f426-3863-a165-a368745763c1  |i 7998014a-d6a1-396d-a1d6-ac6320f6fc7a  |t 0 
952 f f |a Texas A&M University  |b College Station  |c Electronic Resources  |d Available Online  |t 0  |e HD62.7 .K56 2004eb  |h Library of Congress classification 
998 f f |a HD62.7 .K56 2004eb  |t 0  |l Available Online